Théâtre [de Pierre Corneille] /

Pierre Corneille (1606-1684), considerado uno de los mayores dramaturgos franceses del siglo XVII, refleja en su obra las importantes contradicciones de su época. Su teatro, rico y diverso, se inscribe en la escuela clásica, para la que crea un nuevo estilo teatral en que escenifica los sentimientos...

Descripción completa

Guardado en:
Detalles Bibliográficos
Autor principal: Corneille, Pierre (autor)
Otros autores: Dutourd, Jean (pref.) (pref.), Lupin, José (notas) (notas)
Formato: Libro
Idioma:Francés
Publicado: París, Francia : Gallimard : Librairie Générale Française, 1966, c1966
Colección:(Le Livre de Poche Gallimard ; Classique) 1603-1604.
Temas:
Etiquetas: Agrega una etiqueta
Sin etiquetas, Sé el primero en etiquetar este registro!

MARC

LEADER 00000nam^a2200000^a^4500
001 000297163
005 20250521000000.0
008 100222 19661966
009 20260310112330.78
037 |a Acervo Xavier Clavigero 
041 |a FRA 
082 |a 842.  |b COR V. 3 
100 |a Corneille, Pierre  |e (autor) 
240 1 1 |a [Teatro, de Pierre Corneille] 
240 1 1 |a [Nicomedes] 
240 1 1 |a [Sertorio] 
240 1 1 |a [Agésilas] 
240 1 1 |a [Atila] 
240 1 1 |a [Tito y Berenice] 
240 1 1 |a [Surena] 
245 1 0 |a Théâtre [de Pierre Corneille] /  |c P. Corneille ; pref. de J. Dutourd ; notas de J. Lupin. 
264 4 |a París, Francia :  |b Gallimard :  |b Librairie Générale Française,  |c 1966, c1966 
300 |a 510 p. 
336 |a texto  |b txt  |2 rdacontenido 
337 |a sin mediación  |b n  |2 rdamedio 
338 |a volumen  |b nc  |2 rdasoporte 
440 4 |a (Le Livre de Poche Gallimard ;  |v 1603-1604.  |p Classique) 
520 |a Pierre Corneille (1606-1684), considerado uno de los mayores dramaturgos franceses del siglo XVII, refleja en su obra las importantes contradicciones de su época. Su teatro, rico y diverso, se inscribe en la escuela clásica, para la que crea un nuevo estilo teatral en que escenifica los sentimientos trágicos en la sociedad contemporánea; exalta los sentimientos de nobleza, voluntad, heroísmo y grandeza del alma, a la vez que en muchos hay un alto contenido político. Desde 1647 hasta su muerte, perteneció a la Academia Francesa. Autor de comedias de enredos y tragedias históricas, entre sus obras se cuentan: Melita; Clitandro o la Inocencia perseguida; La galería del palacio; La plaza real; Medea; La ilusión cómica; El Cid; Horacio; La muerte de Pompeyo; El mentiroso; Andrómeda; Don Sancho de Aragón; Nicomedes; Edipo; Sertorio; Otón; Atila; Tito y Berenice; Surena, etc. 
649 |a XX 
650 |a Tragedia Francesa 
650 |a Teatro Francés 
650 |a Literatura Francesa -  |y Siglo XVII 
650 |a Literatura Neoclásica -  |z Francia 
700 |a Dutourd, Jean  |e (pref.) 
700 |a Lupin, José  |e (notas) 
740 0 |a Nicomède /  |c P. Corneille. 
740 0 |a Sertorius /  |c P. Corneille. 
740 0 |a Agésilas /  |c P. Corneille 
740 0 |a Attila /  |c P. Corneille. 
740 0 |a Tite et Bérénice /  |c P. Corneille. 
740 0 |a Suréna /  |c P. Corneille. 
910 |a Fondo General 
920 |a Impresos - Libros 
930 |a Colección General 
940 |a Literatura 
905 |a 101 
901 |a 007738  |b IT1  |c LIT  |u 20250521 
902 |a https://opac.biblio.iteso.mx/vufind/Record/000297163